Desde la otra orilla (Record no. 5167)

MARC details
000 -CABECERA
campo de control de longitud fija 01188nam a2200277 a 4500
001 - NÚMERO DE CONTROL
campo de control BRCA_5473
005 - FECHA Y HORA DE LA ÚLTIMA TRANSACCIÓN
campo de control 20190320205108.0
008 - DATOS DE LONGITUD FIJA--INFORMACIÓN GENERAL
campo de control de longitud fija 140111s2007----sp-#######---#000-0#spa-#
020 ## - NÚMERO INTERNACIONAL ESTÁNDAR DEL LIBRO
Número Internacional Estándar del Libro 9788497733212
041 ## - CÓDIGO DE LENGUA
Código de lengua del texto/banda sonora o título independiente spa
044 ## - CÓDIGO DEL PAÍS DE LA ENTIDAD EDITORA/PRODUCTORA
Código MARC del país sp
050 #4 - SIGNATURA TOPOGRÁFICA DE LA BIBLIOTECA DEL CONGRESO
Número de clasificación F1412
Número de documento/Ítem .M37 2007
100 1# - ENTRADA PRINCIPAL--NOMBRE DE PERSONA
Nombre de persona Martínez Martínez, Ma. del Carmen
9 (RLIN) 13983
245 10 - MENCIÓN DE TÍTULO
Título Desde la otra orilla
Resto del título cartas de Indias en el Archivo de la Real Chancillería de Valladolid (Siglos XVI-XVIII)
Mención de responsabilidad, etc. edición, estudio, notas e índices Ma. del Carmen Martínez Martínez ; presentación Jesús Paniagua Pérez.
260 ## - PUBLICACIÓN, DISTRIBUCIÓN, ETC.
Lugar de publicación, distribución, etc. [León, España]
Nombre del editor, distribuidor, etc. Universidad de León
Fecha de publicación, distribución, etc. 2007
300 ## - DESCRIPCIÓN FÍSICA
Extensión 759 p.
Dimensiones 25 cm.
440 #0 - MENCIÓN DE SERIE/PUNTO DE ACCESO ADICIONAL--TÍTULO
Título Colección Tradición clásica y humanística en España e hispanoamérica
Designación de volumen o secuencia 4
9 (RLIN) 13984
500 ## - NOTA GENERAL
Nota general Incluye relación de emisores, índice onomástico y toponímico
504 ## - NOTA DE BIBLIOGRAFÍA, ETC.
Nota de bibliografía, etc. Bibliografía: p. [703]-713
650 14 - PUNTO DE ACCESO ADICIONAL DE MATERIA--TÉRMINO DE MATERIA
Término de materia o nombre geográfico como elemento de entrada Evidencia (Derecho)
Subdivisión geográfica España
9 (RLIN) 13985
651 #4 - PUNTO DE ACCESO ADICIONAL DE MATERIA--NOMBRE GEOGRÁFICO
Nombre geográfico América Latina
Subdivisión de forma Fuentes
Subdivisión general Historia
Subdivisión cronológica a 1830
9 (RLIN) 13986
651 #4 - PUNTO DE ACCESO ADICIONAL DE MATERIA--NOMBRE GEOGRÁFICO
Nombre geográfico América Latina
Subdivisión general Correspondencia
9 (RLIN) 13987
700 1# - PUNTO DE ACCESO ADICIONAL--NOMBRE DE PERSONA
Nombre de persona Paniagua Pérez, Jesús
9 (RLIN) 2812
710 2# - PUNTO DE ACCESO ADICIONAL--NOMBRE DE ENTIDAD CORPORATIVA
Nombre de entidad corporativa o nombre de jurisdicción como elemento de entrada Archivo de la Real Chancillería de Valladolid
9 (RLIN) 13988
942 ## - ELEMENTOS DE PUNTO DE ACCESO ADICIONAL (KOHA)
Fuente del sistema de clasificación o colocación Library of Congress Classification
Tipo de ítem Koha Libros
Holdings
Estado de retiro Estado de pérdida Estado dañado No para préstamo Localización permanente Ubicación/localización actual Fecha de adquisición Total de préstamos Signatura topográfica completa Código de barras Fecha visto por última vez Precio válido a partir de Tipo de ítem Koha
El ejemplar forma parte de la colección y puede ser consultado según las políticas vigentes.       Biblioteca del Museo Franz Mayer (Rogerio Casas-Alatriste) Biblioteca del Museo Franz Mayer (Rogerio Casas-Alatriste) 14/01/2011   F1412 .M37 2007 02710 22/03/2019 22/03/2019 Libros